| 000 | 00436 a2200169 4500 | ||
|---|---|---|---|
| 020 | _a9780761936541 | ||
| 024 | _a9780761936541 | ||
| 082 | _a362.1'04250954 | ||
| 090 |
_c7014 _d7014 |
||
| 100 | _aK.V.Ramani | ||
| 245 |
_aStrategic Issues and Challenges in Health Management. _cK.V.Ramani |
||
| 250 | _a1st. | ||
| 260 |
_aNew Delhi _bSAGE _c2008 |
||
| 300 | _a227p. | ||
| 500 | _aHard Cover | ||
| 942 |
_aNBS _cBK _k362.1'04250954 RAM |
||
| 999 |
_c349348 _d349348 |
||